00916nam a2200193 a 450000100100000000500170001000800410002704000250006810000440009324501510013726000720028830000210036049000390038150400730042071000610049383000460055495201050060099900170070500004102720201002034548.0130913s2004 sp 000 0 spa d aDO-SdBNPbspacBNPHU1 aPrieto González, José Manuel96750210aAprendiendo a ser arquitectos :bcreacción y desarrollo de la escuela de arquitectura de Madrid (1844-1914) /cJosé Manuel, Prieto González. aMadrid :bConsejo Superior de Investigaciones Científicas,c2004. a555 p. ;c29 cm.1 aBiblioteca de historia del artev8 aIncluye referencias bibliográficas y notas al pie de las páginas2 aConsejo Superior de Investigaciones Científicas,94786 0aBiblioteca de historia del arten8967503 001050718MOaGRbGRcCTd2013-09-13iLF1l0o p41027-10r2020-06-25w2020-06-25y1ZNo se presta c40517d40517